HBR's 10 Must Reads 2026 (Record no. 11544)
[ view plain ]
| 000 -LEADER | |
|---|---|
| fixed length control field | 00815nam a22001577a 4500 |
| 020 ## - INTERNATIONAL STANDARD BOOK NUMBER | |
| ISBN | 9798892791946 |
| 082 ## - DEWEY DECIMAL CLASSIFICATION NUMBER | |
| Classification number | 658.409HBR |
| 100 ## - MAIN ENTRY--AUTHOR NAME | |
| Personal name | Harvard Business Review. |
| 245 ## - TITLE STATEMENT | |
| Title | HBR's 10 Must Reads 2026 |
| Sub Title | The Definitive Management Ideas of the Year from Harvard Business Review |
| 260 ## - PUBLICATION, DISTRIBUTION, ETC. (IMPRINT) | |
| Place of publication | HBR |
| Name of publisher | Harvard Business Review Press, |
| Year of publication | 2025 |
| 300 ## - PHYSICAL DESCRIPTION | |
| Number of Pages | 208P. |
| Other physical details | 23 cm |
| 520 ## - SUMMARY, ETC. | |
| Summary, etc | This book will inspire you to eliminate dysfunction in your leadership team; apply the right kinds of questions to strategic decisions; bring everyone on board with your AI efforts; design innovative products that grow with your customers; better assess what macroeconomic risk means for your business; and build a corporate culture that truly aligns with your values. |
| 650 ## - SUBJECT ADDED ENTRY--TOPICAL TERM | |
| Topical Term | Leadership |
| 942 ## - ADDED ENTRY ELEMENTS (KOHA) | |
| Koha item type | Book |
| Withdrawn status | Lost status | Damaged status | Not for loan | Permanent Location | Current Location | Shelving location | Date acquired | Cost, normal purchase price | Full call number | Accession Number | Price effective from | Koha item type |
|---|---|---|---|---|---|---|---|---|---|---|---|---|
| UONGOZI Institute Resources Centre - Dar es Salaam | UONGOZI Institute Resources Centre - Dar es Salaam | Leadership | 06/19/2026 | 53187.00 | 658.409HBR | UR010560 | 07/01/2026 | Book | ||||
| UONGOZI Institute Resources Centre - Dar es Salaam | UONGOZI Institute Resources Centre - Dar es Salaam | Leadership | 06/19/2026 | 53187.00 | 658.409HBR | 07/01/2026 | Book | |||||
| UONGOZI Institute Resources Centre - Dar es Salaam | UONGOZI Institute Resources Centre - Dar es Salaam | Leadership | 06/19/2026 | 53187.00 | 658.409HBR | UR010559 | 07/01/2026 | Book |
